| 000 -ლიდერი |
| ფიქსირებული სიგრძის საკონტროლო ველი |
01564nam a22002417a 4500 |
| 003 - საკონტროლო ნომრის იდენტიფიკატორი |
| საკონტროლო ველი |
Ge_BSU |
| 005 - ბოლო ოპერაციის თარიღი და დრო |
| საკონტროლო ველი |
20251015211238.0 |
| 008 - ფიქსირებული სიგრძის მონაცემთა ელემენტები - ზოგადი ინფორმაცია |
| ფიქსირებული სიგრძის საკონტროლო ველი |
251015s2002 ge ||||| |||| 00| 0 geo d |
| 020 ## - წიგნის საერთაშორისო სტანდარტული ნომერი |
| International Standard Book Number |
9992898437 |
| 041 ## - ენის კოდი |
| Language code of text/sound track or separate title |
geo |
| 080 ## - უნივერსალური ათობითი კლასიფიკაციის ინდექსი |
| Universal Decimal Classification number |
338(479.22)+343.37+330. 34(479.22) ს-32 |
| 245 ## - ცნობა სათაურის შესახებ |
| Title |
საქართველოს ეკონომიკური განვითარების პრიორიტეტები: |
| Remainder of title |
ანალიზი და უახლოესი პერსპექტივა / |
| Statement of responsibility, etc |
ა. თვალჭრელიძე, პ. კერვალიშვილი, დ. გეგია, ს. ესაკია, ს. სანაძე; რედ.: ა. თვალჭრელიძე; ფონდი ღია საზ-ბა-საქართველო, ასოც. "მეცნიერების ხელშეწყობა საქ-ში". |
| 264 ## - წარმოების, გამოცემის, დისტრიბუციის და სხვა ცნობები |
| გამოცემის, წარმოების, დისტრიბუციის... ადგილი |
თბ. : |
| გამოცემის, წარმოების, დისტრიბუციის... სახელწოდება |
სანი, |
| გამოცემის, წარმოების, დისტრიბუციის... თარიღი |
2002. |
| 300 ## - ფიზიკური აღწერა |
| Extent |
155 გვ. ; |
| Other physical details |
25 სმ. |
| 653 ## - INDEX TERM--UNCONTROLLED |
| Uncontrolled term |
საქართველოს ეკონომიკა |
| 653 ## - INDEX TERM--UNCONTROLLED |
| Uncontrolled term |
მეწარმეობა საქართველოში. |
| 653 ## - INDEX TERM--UNCONTROLLED |
| Uncontrolled term |
მიკროეკონომიკა. |
| 653 ## - INDEX TERM--UNCONTROLLED |
| Uncontrolled term |
მაკროეკონომიკა. |
| 653 ## - INDEX TERM--UNCONTROLLED |
| Uncontrolled term |
საქართველოს ეკონომიკური განვითარება. |
| 653 ## - INDEX TERM--UNCONTROLLED |
| Uncontrolled term |
ეკონომეტრიკა. |
| 700 ## - ADDED ENTRY--PERSONAL NAME |
| Personal name |
თვალჭრელიძე, ა. |
| Relator term |
ავტორი |
| 9 (RLIN) |
26036 |
| 942 ## - ADDED ENTRY ELEMENTS (KOHA) |
| Source of classification or shelving scheme |
|
| Koha item type |
წიგნი |